00754nam a2200229Ia 450000500170000000800410001702000280005804000190008604100120010508200150011724500990013226000300023130000120026150400270027365000260030065100430032670000210036985000100039094200070040099900160040795201010042320230211113608.0131103s9999 xx 000 0 und d a0 7051 0101 1c1.25 pds aLoreto College aEnglish a820.8bMAY aAlready tomorrowb an anthology of verse and prose ccollected and arranged by Dorothy Maynard aLondonbMitre Pressc1971 a108 p.  aIncludes authors index aEnglish Literature -  aCollections - Miscellaneous Writing -  aMaynard, Dorathy aLCLIB cBK c1618d52097 00102ddc4070aMAINbMAINd2013-11-04l0o820.8 MAY 26226pB2251r2013-11-04w2013-11-04yBKf